500 años: presencia cristiana en América Latina y el Caribe hoy
Zapisane w:
| Format: | Książka |
|---|---|
| Język: | Spanish |
| Wydane: |
Quito, Ecuador
Consejo Latinoamericano de Iglesias, CLAI
1992
|
| Seria: | Cuaderno motivador
|
| Hasła przedmiotowe: | |
| Etykiety: |
Dodaj etykietę
Nie ma etykietki, Dołącz pierwszą etykiete!
|
MARC
| LEADER | 00000nam a22000007a 4500 | ||
|---|---|---|---|
| 003 | cru CIDCACS/IIS | ||
| 005 | 20220420110218.0 | ||
| 008 | 171208b1992 ec ao|||||||||||| 0|spa d | ||
| 020 | |a 9978-91-025-5 | ||
| 040 | |c cru CIDCACS/IIS | ||
| 090 | |a 00.00.00 Qxxq | ||
| 245 | 1 | 0 | |a 500 años: |b presencia cristiana en América Latina y el Caribe hoy |
| 260 | |a Quito, Ecuador |b Consejo Latinoamericano de Iglesias, CLAI |c 1992 | ||
| 300 | |a 90 páginas | ||
| 440 | 0 | |9 6215 |a Cuaderno motivador |n II | |
| 500 | |a Coleción Alforja | ||
| 650 | 1 | 7 | |9 3737 |a POBLACION INDIGENA |
| 650 | 1 | 7 | |9 5194 |a EMIGRACION |
| 650 | 1 | 0 | |9 88 |a MUJERES |
| 650 | 0 | |9 3201 |a NIÑOS | |
| 650 | 1 | 0 | |9 3232 |a JOVENES |
| 650 | 1 | 0 | |9 6217 |a AFROAMERICANOS |
| 651 | 0 | |9 4609 |a CARIBE | |
| 651 | 1 | 0 | |9 17 |a AMERICA LATINA |
| 942 | |2 ddc |c LI | ||
| 999 | |c 40716 |d 40716 | ||



